| 000 | 00521nam a2200181 a 4500 | ||
|---|---|---|---|
| 005 | 20140310183342.0 | ||
| 008 | 070123s19uu xx 00 eng d | ||
| 020 | _a1856694178 | ||
| 050 |
_aN 380 _b.D164 2005 |
||
| 100 | _aD'Alleva, Anne. | ||
| 245 |
_aMethods & theories of art history / _cAnne D'Alleva. |
||
| 260 |
_aLondon, United Kingdom : _bLaurence King Publishing, _c2005. |
||
| 300 |
_a186 p. : _bill. ; _c23 cm. |
||
| 521 | _aMA | ||
| 650 |
_aArt _xHistoriography. |
||
| 942 |
_cBK _2lcc _kFOR |
||
| 999 |
_c21849 _d21849 |
||